[Event "Las Vegas National op"]
[Site "Las Vegas"]
[Date "2013.06.09"]
[Round "5"]
[White "So, Wesley"]
[Black "Gelashvili, Tamaz"]
[Result "1-0"]
[WhiteElo "2682"]
[BlackElo "2560"]
[PlyCount "93"]
[EventDate "2013.06.07"]
[EventType "swiss"]
[EventRounds "6"]
[EventCountry "USA"]
[SourceTitle "CBM 154 Extra"]
[Source "ChessBase"]
[SourceDate "2013.06.25"]
[SourceVersion "2"]
[SourceVersionDate "2013.06.25"]
[SourceQuality "1"]

1. e4 c6 2. d4 d5 3. e5 Bf5 4. Nf3 e6 5. Be2 Ne7 6. c3 h6 7. O-O Nd7 8. Nbd2
Bg6 9. Nb3 Nf5 10. g4 Nh4 11. Nxh4 Qxh4 12. f4 h5 13. g5 f6 14. Bd3 Bxd3 15.
Qxd3 O-O-O 16. Bd2 fxg5 17. fxg5 Be7 18. Rf4 Qxg5+ 19. Kh1 Qh6 20. Rf7 Bg5 21.
Bxg5 Qxg5 22. Rg1 Qh4 23. Qg3 Qe4+ 24. Qg2 Qh4 25. Qxg7 Qe4+ 26. Qg2 Qh4 27.
Nd2 Rdf8 28. Nf3 Qe4 29. Ng5 Qg6 30. Re7 Rhg8 31. Qh3 Re8 32. Rxe6 Qc2 33.
Rxe8+ Rxe8 34. Qxh5 Re7 35. Qh8+ Kc7 36. e6 Nb6 37. Qe5+ Kc8 38. Rf1 Re8 39.
Rf7 Qb1+ 40. Kg2 Qxb2+ 41. Kg3 Qxc3+ 42. Kg4 Na8 43. e7 Nc7 44. Rf8 Qd3 45. Qd6
Qe2+ 46. Nf3 b6 47. Rxe8+ 1-0

[Event "Las Vegas National op"]
[Site "Las Vegas"]
[Date "2013.06.09"]
[Round "6"]
[White "Ramirez Alvarez, Alejandro"]
[Black "So, Wesley"]
[Result "1/2-1/2"]
[WhiteElo "2574"]
[BlackElo "2682"]
[PlyCount "23"]
[EventDate "2013.06.07"]
[EventType "swiss"]
[EventRounds "6"]
[EventCountry "USA"]
[SourceTitle "CBM 154 Extra"]
[Source "ChessBase"]
[SourceDate "2013.06.25"]
[SourceVersion "2"]
[SourceVersionDate "2013.06.25"]
[SourceQuality "1"]

1. d4 d5 2. c4 c6 3. cxd5 cxd5 4. Nf3 Nc6 5. Nc3 Nf6 6. Bf4 Bf5 7. e3 e6 8. Bd3
Bxd3 9. Qxd3 Bd6 10. Bxd6 Qxd6 11. O-O Rc8 12. Rac1 1/2-1/2

[Event "Universiad Men playoff 27th"]
[Site "Kazan"]
[Date "2013.07.15"]
[Round "1"]
[White "Andriasian, Zaven"]
[Black "So, Wesley"]
[Result "0-1"]
[WhiteElo "2620"]
[BlackElo "2705"]
[PlyCount "102"]
[EventDate "2013.07.15"]
[EventType "match (blitz)"]
[EventRounds "1"]
[EventCountry "RUS"]
[SourceTitle "CBM 155 Extra"]
[Source "ChessBase"]
[SourceDate "2013.08.26"]
[SourceVersion "1"]
[SourceVersionDate "2013.08.26"]
[SourceQuality "1"]

1. Nf3 c5 2. g3 Nc6 3. Bg2 g6 4. d3 Bg7 5. O-O e5 6. e4 Nge7 7. h4 h6 8. Be3 d6
9. Qd2 Be6 10. Nc3 Qd7 11. a3 Bh3 12. Nh2 Bxg2 13. Kxg2 f5 14. b4 Nd4 15. Nd5
Nxd5 16. exd5 Qf7 17. bxc5 Qxd5+ 18. Kg1 dxc5 19. Rab1 O-O-O 20. Bxd4 exd4 21.
Qa5 Kb8 22. Rb5 Rc8 23. Rfb1 Rc7 24. Nf1 f4 25. gxf4 g5 26. fxg5 hxg5 27. h5
Be5 28. Qa4 b6 29. Nd2 Bh2+ 30. Kxh2 Rxh5+ 31. Kg3 Qe6 32. Rxb6+ axb6 33. Rxb6+
Qxb6 34. Qe8+ Kb7 35. Qxh5 Qd6+ 36. Kg2 Qd5+ 37. Ne4 c4 38. Qf3 cxd3 39. cxd3
Kb6 40. Qf8 Ka7 41. a4 g4 42. Qf4 Rh7 43. Qd2 Qh5 44. Ng3 Qd5+ 45. Kg1 Rb7 46.
Qh6 Rb1+ 47. Kh2 Rb7 48. Ne4 Qe5+ 49. Kg2 Qf5 50. Qd2 Qf3+ 51. Kg1 Rb1+ 0-1

[Event "Hoogeveen Unive Crown 17th"]
[Site "Hoogeveen"]
[Date "2013.10.20"]
[Round "1"]
[White "So, Wesley"]
[Black "Van Wely, Loek"]
[Result "1-0"]
[WhiteElo "2706"]
[BlackElo "2693"]
[Annotator "Stohl,I"]
[PlyCount "83"]
[EventDate "2013.10.20"]
[EventType "tourn"]
[EventRounds "6"]
[EventCountry "NED"]
[EventCategory "17"]
[SourceTitle "CBM 157"]
[Source "ChessBase"]
[SourceDate "2013.11.12"]
[SourceVersion "1"]
[SourceVersionDate "2013.11.12"]
[SourceQuality "1"]

1. d4 Nf6 2. c4 e6 3. Nc3 Bb4 4. e3 O-O 5. Nge2 {Rubinstein's original
intention.} ({Two rounds later Van Wely as White played the second and
long-term more popular main continuation} 5. Bd3 d5 6. Nf3 c5 7. O-O dxc4 8.
Bxc4 cxd4 9. exd4 b6 10. Qe2 Bb7 {, but the tension quickly petered out into a
well-known draish endgame after} 11. Rd1 Nbd7 12. d5 Bxc3 13. dxe6 Bxf3 14.
gxf3 fxe6 15. bxc3 Qc7 16. Bxe6+ Kh8 17. Qc4 Qb7 18. Bxd7 Nxd7 19. Qd5 Qxd5 20.
Rxd5 Nc5 21. Be3 Rxf3 22. Re1 Ne6 23. Rd7 (23. a4 Rf7 24. a5 h6 25. axb6 axb6
26. Bxb6 Nf4 27. Ra5 Rb8 28. Bd4 Rb2 29. Ra7 Rxa7 30. Bxa7 Rc2 31. Bd4 Kh7 $11
{Topalov,V (2793)-Aronian,L (2813)/Stavanger/2013/}) 23... Kg8 24. Bxb6 axb6
25. Rxe6 Rxa2 26. Re8+ Rf8 27. Ree7 Rfxf2 28. Rxg7+ Kf8 29. Rxh7 Rg2+ 30. Kh1
Kg8 31. Rh3 Rge2 32. Rd1 Kf7 $11 {Van Wely,L (2693)-Adams,M (2753)/Hoogeveen/
2013/}) 5... d5 6. a3 Be7 7. cxd5 exd5 {Opts for a Carlsbad structure.} ({
The text-move is more usual than} 7... Nxd5 8. Bd2 Nd7 9. g3 b6 ({Not
necessarily ideal, Black has better results with} 9... N5f6 $5 10. Bg2 e5 $132)
10. Nxd5 exd5 11. Bg2 Bb7 (11... Nf6 12. O-O Ne4 13. Rc1 Bb7 14. Qc2 Rc8 15.
Rfd1 Bd6 16. Bb4 Qf6 17. Nc3 Nxc3 18. Qxc3 c6 19. Bxd6 Qxd6 20. b4 Rc7 21. a4
Bc8 22. a5 Ba6 23. Ra1 Bb5 24. Rdc1 Re8 25. axb6 axb6 26. Bf1 $14 {Ponomariov,
R (2734)-Kramnik,V (2807)/Wijk aan Zee/2003/ - see the notes to this game by
Ftacnik in CBM 93.}) 12. Bb4 Nf6 13. O-O Re8 14. Rc1 c6 15. Bxe7 Rxe7 16. Re1
Qd6 17. Nf4 Bc8 $6 18. Qa4 Rc7 19. f3 Be6 20. e4 dxe4 $6 21. fxe4 Qd7 22. d5 $1
$16 {/+-,Carlsen,M (2864)-Anand,V (2786)/Moscow/2013/ - see the notes by
Krasenkow in CBM 155.}) 8. Nf4 a5 {Black limits his opponent's queenside
options, but in this line White only rarely employs the minority attack (as in
Tomashevsky-Karjakin) and more often than not tries to play in the centre (as
So did later on), or on the kingside (see Meza-Lafuente below). Therefore the
text-move is only one of many plausible options:} (8... Re8 9. Bd3 Bd6 10. O-O
Bxf4 11. exf4 Nc6 12. Ne2 Ne4 13. Be3 Bf5 14. Rc1 Qd7 15. Bb5 Nd6 16. Qa4 Nxb5
17. Qxb5 Rab8 18. Ng3 a6 19. Qa4 Rbc8 20. Nxf5 Qxf5 21. Rc5 Red8 22. Rfc1 h5
23. h3 Rd7 24. Rxc6 $5 bxc6 25. Rxc6 Ra8 26. b4 $44 {/=,Sasikiran,K (2660)
-Karjakin,S (2772)/WCup Tromso/2013/}) (8... c6 9. Bd3 Na6 (9... Re8 10. O-O
Bd6 ({or} 10... Nbd7 {is the more usual set-up.})) 10. b4 Nc7 11. Bd2 a6 12.
O-O Nb5 13. a4 Nxc3 14. Bxc3 Bd6 15. b5 Ne4 16. Be1 axb5 17. axb5 Rxa1 18. Qxa1
Re8 19. bxc6 bxc6 20. f3 Bxf4 21. exf4 Nd6 22. g4 f5 23. h3 Nc4 24. Qc1 Be6 25.
Bf2 Qd7 26. Re1 g6 $11 {Tomashevsky,E (2709)-Karjakin,S (2782)/Kiev rpd/2013/})
(8... b6 9. Be2 Bb7 10. Bf3 c6 11. O-O Bd6 12. e4 dxe4 13. Nxe4 Nxe4 14. Bxe4
Nd7 15. g3 Nf6 16. Bg2 Qd7 17. Nh5 Nxh5 18. Qxh5 c5 19. dxc5 Bxg2 20. Kxg2 Bxc5
21. Rd1 Qc6+ 22. Qf3 Qxf3+ 23. Kxf3 Rfd8 $11 {Svetushkin,D (2570)-Movsesian,S 
(2711)/Bundesliga/2009/}) 9. Bd3 c6 10. O-O Na6 11. f3 Nc7 12. Bd2 $146 {
[%mdl 8] This simple developing move is in fact a novelty. White sensibly
coordinates his forces, preparing (or awaiting) further action.} (12. g4 Ne6
13. Nfe2 h5 14. h3 Bd6 15. Qe1 g6 16. Kg2 c5 17. Qf2 Bd7 18. a4 Bc6 19. Bd2 Qd7
$13 20. f4 $2 hxg4 21. f5 gxh3+ 22. Kh1 Ng7 23. Qh4 Be7 24. fxg6 fxg6 25. Qh6
Qg4 $17 {Meza,H (2318)-Lafuente,P (2524)/La Plata/2009/}) (12. Kh1 Ne6 13. Nce2
c5 14. b3 b6 15. Bb2 Nxf4 16. Nxf4 Bb7 17. a4 Bd6 18. Bb5 Qe7 19. Re1 Rfd8 20.
Qd3 Ne8 21. Qc3 Qg5 22. Rac1 Qh6 23. Qd2 Nc7 24. Bf1 Ne6 $15 {Prusikin,M (2571)
-Naiditsch,A (2663)/GER-ch Bad Koenigshofen/2007/}) ({Until now White tried
mainly} 12. Bc2 c5 (12... Ne6 $5 13. e4 dxe4 14. Nxe6 Bxe6 15. fxe4 Bg4 16. Qd3
Bh5 17. Kh1 Bg6 18. Be3 b5 19. Qe2 b4 20. e5 bxc3 21. exf6 Bxf6 22. bxc3 Re8
$11 {Yang,D (2498)-Shen,V (2425)/Saint Louis/2012/}) 13. Na4 $5 (13. Qe2 b5 (
13... Ne6 $13) (13... b6 $5) 14. dxc5 Bxc5 15. Rd1 Ba6 16. Qf2 Bb7 17. Bd2 Re8
18. Nce2 Ne6 19. Nd3 (19. b4 $5 axb4 20. axb4 Bd6 21. Bd3 $14) 19... Bb6 20.
Nd4 Rc8 21. Bc3 Ba6 22. Kh1 Rc4 23. Bb3 Rc7 24. Rac1 b4 $5 25. Nxe6 Rxe6 $132 {
Koneru,H (2614)-Hou,Y (2575)/Rostov on Don/2011/}) 13... Na6 $5 (13... cxd4 14.
exd4 Rb8 (14... Nb5 $2 15. Qd3 Na7 16. Nc3 g6 17. Bb3 Bf5 {Kuzmin,G-Kortschnoj,
V/Sochi/1970/} 18. Qd2 $16 {[%csl Rd5]}) (14... Ne6 $142 $11 {/+/=.Kortschnoj})
15. Be3 Re8 16. Re1 Bd6 17. Qd2 Bd7 18. Nc5 Bb5 19. Bf2 b6 20. Ncd3 Rxe1+ 21.
Rxe1 Nce8 22. Ne5 Rc8 23. Bf5 Rc7 24. g4 $36 {Swapnil,S (2475)-Parligras,M 
(2602)/Dubai/2013/}) 14. dxc5 Nxc5 15. Nc3 Be6 16. Nb5 Bd7 (16... Qb6 17. Nd4
Nfd7 18. Rb1 Rfc8 {Zakhartsov,V (2560)-Karavade,E (2398)/Pardubice/2013/} 19.
b4 $1 axb4 20. axb4 Na6 21. Ndxe6 fxe6 22. Nxd5 $1 $16) 17. Nd4 Ne6 18. Nfe2
Qc7 19. Nf5 Bc5 20. Bd2 Nf4 21. Ned4 Ng6 22. Rc1 Qb6 23. b4 axb4 24. axb4 Bxd4
25. Nxd4 Ne5 26. Bb3 Rfe8 27. Qe2 Ba4 $11 {Bernadskiy,V (2527)-Sjugirov,S 
(2635)/St Petersburg/2013/}) 12... c5 {The standard advance, which will soon
lead to the liquidation of all central pawns. While this might not be a bad
thing in itself for Black, he had other continuations, leading to more complex
play:} (12... Bd6) (12... Re8) (12... Ne6) 13. dxc5 Bxc5 14. Kh1 Ne6 (14... Re8
15. e4 $14) (14... Bd6 15. Rc1 (15. Qb3 $5) 15... Bd7 16. Na4 $5 $13 {/+/=} (
16. Nce2 Re8)) 15. e4 {White opens the position while his forces are still
somewhat more active. Although this is not a permanent factor, his dynamic
piece-play is quite dangerous and Black must tread carefully.} dxe4 (15... d4
16. Nce2 $14 (16. Nb5 $5)) 16. Nxe4 {[%mdl 2048]} Bd4 17. Qc2 h6 (17... Nxf4
18. Bxf4 Nd5 19. Bg5 $1 Qb6 (19... f6 20. Rad1 {[%csl Rd5][%cal Rd3c4]}) 20.
Nc3 Bxc3 21. bxc3 h6 22. Rfb1 Qc6 23. Bd2 Be6 24. c4 Nf6 $14 {/=}) 18. Rad1 (
18. Ne2 $5 Be5 19. Rad1 $14) 18... Bd7 (18... Nxf4 $142 $5 19. Bxf4 Qb6 {
A sample line is} 20. Nd6 Qxb2 21. Qa4 Bc5 22. Qc4 (22. Ne4 Bd7 23. Nxf6+ Qxf6
24. Qe4 g6 25. Bxh6 Rfc8 $132) 22... Bxd6 23. Bxd6 Be6 24. Qf4 Rfd8 25. Rd2 Nd5
26. Qe4 Nf6 $1 $11) 19. Ne2 $1 Rc8 20. Qb1 Be5 21. Bc3 {White chooses a simple
way, minimising any risk by exchanging Black's most active piece.} ({More
doubled-edged, but perhaps more promising was} 21. f4 $5 Bc7 22. Nxf6+ Qxf6 23.
Bc3 Qe7 24. Rf3 (24. f5 $4 Qh4) 24... Rfd8 25. Re1 $14 (25. Rg3 $14)) 21...
Bxc3 22. N2xc3 Bc6 $6 {Allowing the following sortie is dangerous.} ({Black
gets close to full equality with} 22... Nxe4 $142 23. Bxe4 (23. Nxe4 Qc7 24.
Nd6 Rcd8) 23... Nc5 24. Bh7+ (24. Bf5 Bxf5 25. Qxf5 Qg5 $11) 24... Kh8 25. Bc2
Qb6 $5 26. b4 (26. Nd5 Qb5 $11) 26... axb4 27. axb4 Ne6 $132) 23. Nd6 $1 {
[%csl Gd6]} Rc7 (23... Qxd6 $4 24. Bh7+) 24. Rfe1 $6 {This hesitant move
repays the favour.} (24. Bc4 $142 $1 Rd7 (24... Qe7 25. Qf5 $16) 25. Nxf7 Kxf7
{and the engine recommends the merciless} 26. Bxe6+ $5 (26. Rfe1 Re8 27. Qf5 g6
28. Bxe6+ Kg7 29. Qb1 $14 {is a human choice}) 26... Kxe6 27. Qg6 Rxd1 28. Rxd1
Qc8 29. b4 Be8 30. Re1+ Kd7 31. Qd3+ Kc7 32. Rd1 Kb8 (32... Nd7 33. Qe3 $1 {
[%cal Rc3b5]} Rf5 34. g4 $18) 33. Qd6+ Ka7 34. Qxf8 Qxc3 35. Qxg7 $16) 24...
Nd4 $5 (24... Nf4 $13) 25. Nc4 Qa8 {The queen will be misplaced here, Black
had other and probably better options:} ({A crazy tactical line runs} 25... Re7
$5 26. Rxe7 Qxe7 27. Nxa5 Bxf3 28. gxf3 Nxf3 29. Be4 Ng4 30. Bxf3 Nf2+ 31. Kg2
Nxd1 32. Qxd1 Qg5+ $11) (25... Rd7 26. Ne5 Re7 $132 {[%cal Yf8e8,Yd8c7]}) (
25... Nxf3 $5 26. Bh7+ Nxh7 27. Rxd8 Rxd8 $44) 26. Ne5 Rd8 (26... Re7 27. Bc4
Rxe5 28. Rxe5 Nxf3 29. Re2 (29. gxf3 $2 Bxf3+ 30. Kg1 Qa7+ 31. Kf1 Ng4 $19)
29... Qb8 30. gxf3 Bxf3+ 31. Kg1 $14) (26... Re8 $5 {/\} 27. Bc4 $2 Nxf3 28.
Nxf3 (28. gxf3 Rxe5 $1) 28... Bxf3 {[%cal Rc7c4]} 29. Bxf7+ Rxf7 $15) 27. Bc4
Be8 ({White has improved his bishop, as} 27... b5 $2 28. Nxc6 Rxc6 29. Bxb5 $14
{/+/- just drops a pawn.}) 28. Ne4 $14 Nh5 29. Qd3 $6 {[%csl Rd3] This exposes
White's queen. It's difficult to play flawless chess with so many active
pieces around!} (29. Rd2 $142 $5 $14 {[%cal Yb1d1,Ye1d1]}) 29... b5 $6 (29...
Nc6 $1 {resolves Black's problems after} 30. Qc3 (30. Nd6 Nxe5 31. Rxe5 Nf6 {
[%csl Rd6][%cal Rd8d6,Rc7c6]}) 30... Nxe5 31. Qxe5 Rxc4 32. Nd6 Rxd6 33. Rxd6
Nf6 34. Rxf6 gxf6 35. Qxe8+ Qxe8 36. Rxe8+ Kg7 $11) 30. Ba2 b4 (30... Nc6 31.
Qxb5 $16) 31. Bb1 {[%cal Gb1h7]} Bb5 $2 {This is almost certainly the decisive
error. Black could have still fought on with the strongest} (31... f5 $142 $1 {
[]} 32. Qe3 $1 Qd5 (32... fxe4 33. Rxd4 exf3 34. Ba2+ Kh8 35. Nxf3 $40) 33. Nc3
$5 bxc3 34. bxc3 Qb3 $14) 32. Qe3 Ne6 (32... Qd5 33. f4 $1 {[%cal Re5f3]} (33.
Nc3 bxc3 34. bxc3 Qc5 35. cxd4 Qc3 $14) 33... Ba4 34. Rd3 $1 (34. Rd2 $143 Bc2)
34... Bb5 (34... Bc2 35. Bxc2 Rxc2 36. Nf3 $19) 35. Rd2 Be2 36. axb4 axb4 37.
Bd3 $5 $18) 33. Nd6 $18 {[%csl Rb5,Rf7] Now the defence collapses, as Black
can't hold f7.} Ba4 (33... Be8 34. Nexf7 Bxf7 35. Nxf7 Rxd1 36. Nxh6+ $1 Kf8
37. Rxd1 $18) 34. Nexf7 Nhf4 (34... Bxd1 35. Qxe6 $18) 35. Nxd8 Qxd8 36. Rd2 {
Now and in the following moves White already has more than one way to score.} (
36. g3 Bxd1 37. Rxd1 Rc6 38. gxf4 Rxd6 39. Qxe6+ $1 $18) 36... bxa3 37. Ba2 Qf6
38. Qxa3 Bc6 39. Bxe6+ (39. Qxa5 $18) 39... Nxe6 40. Qa2 Bxf3 {The last
desperate fling.} (40... Bd7 41. Rde2 Kh7 (41... Kh8 42. Qxa5 $18 {[%cal Re2e6]
}) 42. Qb1+ Kh8 43. Ne8 $1 $18) 41. gxf3 (41. Rxe6 Bd5 42. Re8+ Kh7 43. Qb1+
$18) 41... Qxf3+ 42. Rg2 (42. Kg1 $18) 1-0

[Event "Pan American Intercollegiate-chT"]
[Site "Lubbock"]
[Date "2013.12.27"]
[Round "1.1"]
[White "Rand, Steven J"]
[Black "So, Wesley"]
[Result "0-1"]
[WhiteElo "2020"]
[BlackElo "2719"]
[PlyCount "58"]
[EventDate "2013.12.27"]
[EventType "team-swiss"]
[EventRounds "6"]
[EventCountry "USA"]
[SourceTitle "CBM 158 Extra"]
[Source "ChessBase"]
[SourceDate "2014.02.28"]
[SourceVersion "1"]
[SourceVersionDate "2014.02.28"]
[SourceQuality "1"]
[WhiteTeam "Chicago Univ"]
[BlackTeam "Webster Univ"]
[WhiteTeamCountry "USA"]
[BlackTeamCountry "USA"]

1. c4 e5 2. g3 Nf6 3. Bg2 d5 4. cxd5 Nxd5 5. Nc3 Nb6 6. Nf3 Nc6 7. O-O Be7 8.
a3 O-O 9. b4 Be6 10. Rb1 f6 11. d3 a5 12. b5 Nd4 13. Nd2 Qc8 14. e3 Nf5 15. Qc2
a4 16. Nce4 Rd8 17. Nc4 Qd7 18. Ned2 Qxd3 19. Qxd3 Rxd3 20. Bxb7 Rad8 21. Nxb6
cxb6 22. Ne4 Bxa3 23. Ra1 Bxc1 24. Rfxc1 a3 25. Kg2 a2 26. Rc2 Rxe3 27. Nc3 Nd4
28. Rcc1 Rd3 29. Nxa2 Nb3 0-1

[Event "Pan American Intercollegiate-chT"]
[Site "Lubbock"]
[Date "2013.12.28"]
[Round "2.1"]
[White "So, Wesley"]
[Black "Altschuler, Jason"]
[Result "1-0"]
[WhiteElo "2719"]
[BlackElo "2051"]
[PlyCount "50"]
[EventDate "2013.12.27"]
[EventType "team-swiss"]
[EventRounds "6"]
[EventCountry "USA"]
[SourceTitle "CBM 158 Extra"]
[Source "ChessBase"]
[SourceDate "2014.02.28"]
[SourceVersion "1"]
[SourceVersionDate "2014.02.28"]
[SourceQuality "1"]
[WhiteTeam "Webster Univ"]
[BlackTeam "Princeton"]
[WhiteTeamCountry "USA"]
[BlackTeamCountry "USA"]

1. Nf3 Nf6 2. d4 c5 3. d5 d6 4. c4 b5 5. cxb5 a6 6. e3 g6 7. Nc3 Bg7 8. a4 O-O
9. e4 e6 10. dxe6 Bxe6 11. Be3 Qa5 12. Bd2 Qc7 13. Be2 axb5 14. Bxb5 Qb7 15.
O-O Nxe4 16. Nxe4 Qxe4 17. Ng5 Qf5 18. Nxe6 fxe6 19. Bc3 Bxc3 20. bxc3 d5 21.
Qe2 Ra7 22. Rfe1 Kf7 23. c4 Re7 24. a5 Nd7 25. cxd5 Kg8 1-0

[Event "Pan American Intercollegiate-chT"]
[Site "Lubbock"]
[Date "2013.12.29"]
[Round "4.1"]
[White "So, Wesley"]
[Black "Moradiabadi, Elshan"]
[Result "1-0"]
[WhiteElo "2719"]
[BlackElo "2571"]
[PlyCount "137"]
[EventDate "2013.12.27"]
[EventType "team-swiss"]
[EventRounds "6"]
[EventCountry "USA"]
[SourceTitle "CBM 158 Extra"]
[Source "ChessBase"]
[SourceDate "2014.02.28"]
[SourceVersion "1"]
[SourceVersionDate "2014.02.28"]
[SourceQuality "1"]
[WhiteTeam "Webster Univ"]
[BlackTeam "Texas Tech"]
[WhiteTeamCountry "USA"]
[BlackTeamCountry "USA"]

1. d4 Nf6 2. c4 e6 3. Nc3 Bb4 4. Qc2 O-O 5. a3 Bxc3+ 6. Qxc3 b5 7. cxb5 c6 8.
Bg5 cxb5 9. e3 Bb7 10. Nf3 h6 11. Bh4 a6 12. Bd3 d6 13. O-O Nbd7 14. Qb4 Qb6
15. Bg3 Be4 16. Be2 Rfc8 17. Rfc1 Ne8 18. Nd2 Bb7 19. Qb3 Bd5 20. Qd3 Ndf6 21.
f3 Bb7 22. Bd1 Rxc1 23. Rxc1 Rc8 24. Rxc8 Bxc8 25. Qc3 Bb7 26. e4 Nd7 27. Nb3
Qd8 28. a4 Ndf6 29. axb5 axb5 30. Be2 Qd7 31. Na5 Nh5 32. Bf2 Ba8 33. Be3 Nc7
34. g4 Nf6 35. Nb3 Qc6 36. Qxc6 Bxc6 37. Bf4 Nfe8 38. Na5 Ba8 39. h4 Kf8 40.
Kf2 Ke7 41. Ke1 f6 42. Be3 f5 43. gxf5 exf5 44. d5 fxe4 45. fxe4 Nf6 46. Bf3
Nd7 47. Kf2 Ne8 48. Bd4 g5 49. hxg5 hxg5 50. Be2 Nc7 51. Kg3 Nf6 52. Bd3 b4 53.
Be3 g4 54. Bd2 Na6 55. Be3 Nb8 56. Bd4 Nbd7 57. Kf4 Kf7 58. Nc4 Ke7 59. Ne3 Kd8
60. Kf5 Ne8 61. Kxg4 Bb7 62. Kf4 Nc7 63. Nf5 Ne8 64. Bb5 Bc8 65. Bf2 Kc7 66.
Be1 Ne5 67. Bxb4 Bxf5 68. Ba5+ Kb7 69. Kxf5 1-0

[Event "Pan American Intercollegiate-chT"]
[Site "Lubbock"]
[Date "2013.12.29"]
[Round "5.1"]
[White "Holt, Conrad"]
[Black "So, Wesley"]
[Result "0-1"]
[WhiteElo "2542"]
[BlackElo "2719"]
[PlyCount "68"]
[EventDate "2013.12.27"]
[EventType "team-swiss"]
[EventRounds "6"]
[EventCountry "USA"]
[SourceTitle "CBM 158 Extra"]
[Source "ChessBase"]
[SourceDate "2014.02.28"]
[SourceVersion "1"]
[SourceVersionDate "2014.02.28"]
[SourceQuality "1"]
[WhiteTeam "Dallas Univ"]
[BlackTeam "Webster Univ"]
[WhiteTeamCountry "USA"]
[BlackTeamCountry "USA"]

1. d4 Nf6 2. c4 e6 3. Nf3 d5 4. Nc3 c6 5. Bg5 h6 6. Bxf6 Qxf6 7. e3 Nd7 8. Bd3
dxc4 9. Bxc4 g6 10. O-O Bg7 11. Rc1 O-O 12. e4 Rd8 13. e5 Qe7 14. Re1 b5 15.
Bd3 Bb7 16. Ne4 c5 17. Nxc5 Nxc5 18. dxc5 Qc7 19. Re3 Bxf3 20. Qxf3 Bxe5 21.
Rc2 Bxh2+ 22. Kf1 Be5 23. Bxb5 Rab8 24. Qe2 Rd5 25. b4 Qd8 26. Ke1 Qh4 27. Re4
Qh1+ 28. Qf1 Qh5 29. g4 Qg5 30. Qe2 Qh4 31. Bd3 Rbd8 32. g5 Bf4 33. Qf3 Rxd3
34. Rxf4 Qh2 0-1

[Event "Pan American Intercollegiate-chT"]
[Site "Lubbock"]
[Date "2013.12.30"]
[Round "6.1"]
[White "So, Wesley"]
[Black "Cornejo, Max"]
[Result "1-0"]
[WhiteElo "2719"]
[BlackElo "2365"]
[PlyCount "90"]
[EventDate "2013.12.27"]
[EventType "team-swiss"]
[EventRounds "6"]
[EventCountry "USA"]
[SourceTitle "CBM 158 Extra"]
[Source "ChessBase"]
[SourceDate "2014.02.28"]
[SourceVersion "1"]
[SourceVersionDate "2014.02.28"]
[SourceQuality "1"]
[WhiteTeam "Webster Univ"]
[BlackTeam "Texas at Brownsville"]
[WhiteTeamCountry "USA"]
[BlackTeamCountry "USA"]

1. d4 Nf6 2. c4 e6 3. Nc3 Bb4 4. Qc2 O-O 5. a3 Bxc3+ 6. Qxc3 d6 7. Nf3 b6 8.
Bg5 Nbd7 9. Nd2 Bb7 10. f3 c5 11. e4 cxd4 12. Qxd4 Qc7 13. Be2 d5 14. exd5 exd5
15. O-O Rfe8 16. Rfe1 Qe5 17. Qxe5 Rxe5 18. Bf4 Ree8 19. Bf1 Nc5 20. b4 Ne6 21.
Be5 Red8 22. Rac1 Rac8 23. Kf2 Ne8 24. a4 Nd6 25. cxd5 Rxc1 26. Rxc1 Bxd5 27.
Nb1 Bb3 28. a5 bxa5 29. bxa5 f6 30. Bc3 Rc8 31. Na3 Kf7 32. Bd2 Rxc1 33. Bxc1
Nd4 34. Be3 Nc6 35. a6 Ke6 36. g4 g6 37. h4 Kd5 38. Bf4 Bc4 39. Nxc4 Nxc4 40.
Bd3 Nb4 41. Be4+ Ke6 42. Kg3 Ne5 43. Bb7 Nd5 44. Bc1 Nc4 45. h5 g5 1-0